<?xml version="1.0" encoding="UTF-8"?><?xml-stylesheet type="text/xsl" href="static/style.xsl"?><OAI-PMH xmlns="http://www.openarchives.org/OAI/2.0/" xmlns:xsi="http://www.w3.org/2001/XMLSchema-instance" xsi:schemaLocation="http://www.openarchives.org/OAI/2.0/ http://www.openarchives.org/OAI/2.0/OAI-PMH.xsd"><responseDate>2026-06-02T07:13:08Z</responseDate><request verb="GetRecord" identifier="oai:riuma.uma.es:10630/31872" metadataPrefix="marc">https://riuma.uma.es/rest/oai/request</request><GetRecord><record><header><identifier>oai:riuma.uma.es:10630/31872</identifier><datestamp>2026-02-03T10:19:54Z</datestamp><setSpec>com_10630_1685</setSpec><setSpec>col_10630_38055</setSpec></header><metadata><record xmlns="http://www.loc.gov/MARC21/slim" xmlns:dcterms="http://purl.org/dc/terms/" xmlns:doc="http://www.lyncode.com/xoai" xmlns:xsi="http://www.w3.org/2001/XMLSchema-instance" xsi:schemaLocation="http://www.loc.gov/MARC21/slim http://www.loc.gov/standards/marcxml/schema/MARC21slim.xsd">
   <leader>00925njm 22002777a 4500</leader>
   <datafield ind2=" " ind1=" " tag="042">
      <subfield code="a">dc</subfield>
   </datafield>
   <datafield ind2=" " ind1=" " tag="720">
      <subfield code="a">García-Cruz, Nuria</subfield>
      <subfield code="e">author</subfield>
   </datafield>
   <datafield ind2=" " ind1=" " tag="260">
      <subfield code="c">2024</subfield>
   </datafield>
   <datafield ind2=" " ind1=" " tag="520">
      <subfield code="a">A pesar de los incesables desarrollos y avances de las herramientas lexicográficas y terminológicas, los traductores siguen enfrentándose a la escasez de recursos y fuentes de consulta que se adecúen a su fin específico y cubran sus necesidades. Por ello, el presente trabajo final de grado tiene como objetivo central la creación de un diccionario especializado bilingüe (inglés-español) sobre cardiología pediátrica, cuyo foco de análisis son los compuestos sintagmáticos y sus respectivas siglas o acrónimos. Partiendo de una base teórica que abarca los aspectos más relevantes para la comprensión del núcleo metodológico, se lleva a cabo la compilación semiautomática de un corpus ad hoc comparable bilingüe (inglés-español) sobre cardiopatías congénitas. Dicha compilación permite la explotación del corpus CardioPedCorp, lo que da pie al análisis de las unidades fraseológicas, las concordancias, los comportamientos colocaciones, gramaticales y sintácticos y los tesauros. Con ello, y gracias al empleo del sistema gestor de diccionarios Lexonomy y de la función OneClick Dictionary, el fruto de este estudio es CARDIOPEDDICC, un diccionario que consta de 45 entradas que contienen los compuestos sintagmáticos más significativos de las siguientes cardiopatías congénitas: comunicación interventricular, comunicación interauricular, conducto arterioso persistente y tetralogía de Fallot. En suma, la compilación de un corpus virtual comparable bilingüe y la explotación del mismo con Sketch Engine, unidas a las herramientas Lexonomy y OneClick Dictionary dan lugar a un recurso terminológico fiable y de calidad que sirve de apoyo y consulta no solo para traductores e intérpretes, sino también para lingüistas, lexicógrafos o especialistas en el ámbito sanitario.</subfield>
   </datafield>
   <datafield ind1="8" ind2=" " tag="024">
      <subfield code="a">https://hdl.handle.net/10630/31872</subfield>
   </datafield>
   <datafield tag="653" ind2=" " ind1=" ">
      <subfield code="a">Lengua española - Diccionarios - Inglés</subfield>
   </datafield>
   <datafield tag="653" ind2=" " ind1=" ">
      <subfield code="a">Lengua inglesa - Diccionarios - Español</subfield>
   </datafield>
   <datafield tag="653" ind2=" " ind1=" ">
      <subfield code="a">Cardiología pediátrica - Terminología - Diccionarios - Inglés</subfield>
   </datafield>
   <datafield tag="653" ind2=" " ind1=" ">
      <subfield code="a">Cardiopatía congénita en niños - Diccionarios - Trabajos fin de grado</subfield>
   </datafield>
   <datafield ind2="0" ind1="0" tag="245">
      <subfield code="a">Creación de un diccionario especializado bilingüe (inglés-español) de compuestos sintagmáticos sobre cardiología pediátrica a partir del corpus Cardiopedcorp.</subfield>
   </datafield>
</record>
</metadata></record></GetRecord></OAI-PMH>